| 000 | 00860cam a2200277 4500 | ||
|---|---|---|---|
| 008 | 090401t1995 xxu||||| |||| 00| 0 eng d | ||
| 020 | _a1860810322 | ||
| 035 | _a(Sirsi) u59247 | ||
| 041 | _aeng | ||
| 050 | _a016.33373 | ||
| 100 | _aPaul, Vikram | ||
| 245 | _aBibliography of case studies on contaminated land: investigation, remediation and redevelopment. | ||
| 260 |
_aWatford _bConstruction Research Communications Ltd _c1995 |
||
| 300 | _aiv,19p. ; 30cm. | ||
| 350 | _a10 | ||
| 490 |
_aBRE Building Renewal _v291 |
||
| 520 | _aA Building Research Establishment bibliography. | ||
| 650 | _aBIBLIOGRAPHIES | ||
| 650 | _aCONTAMINATED LAND | ||
| 650 | _aLAND RECLAMATION | ||
| 650 | _aSITE INVESTIGATION | ||
| 690 | _aENVIRONMENTAL AND LAND CONSULTANCY | ||
| 710 | _aBuilding Research Establishment | ||
| 942 | _n0 | ||
| 948 | _c04/03/1997 | ||
| 999 |
_c94131 _d94131 |
||